000 00617nam a2200217Ia 4500
001 14637
003 GE_BSU
008 181216s||||||||xx |||||||||||||| ||und||
040 _cGE_BSU
080 _a695.113(035)
100 _aСапожников,М.М.
245 _aСправочник трубопроводчика.
245 _cНауч. ред. В.В.Карпов.
260 _aЛ.- М.
260 _bГосстройиздат.
260 _c1960.
300 _a211 стр. с илл. 22 см.
300 _eТабл.
653 _aСправочник трубопроводчика.
942 _cBK
999 _c47765
_d47765